000 01426nam0a2200313 4500
001 RU\NLR\bibl\1138551
005 20250615073225.0
010 _a978-5-7271-0835-2
_9400
021 _aRU
_b2007-59109
_93152
035 _a(NLR Aleph) 001125419
090 _a1324405
_c1324405
100 _a20071011d2007 |||y0rusy50 ca
101 0 _arus
102 _aRU
105 _ay |||||||||
200 1 _aХозяйственное право
_eучебное пособие
_fЛ.В. Соснина
_gФедер. агентство по образованию, Гос. образоват. учреждение высш. проф. образования "Челяб. гос. ун-т", Центр заоч. и дистанц. образования
210 _aЧелябинск
_cЧелябинский государственный университет
_d2007
215 _a135 с.
_d20
320 _aБиблиогр.: с. 133-135
606 1 _aХозяйственное право
_jУчебные издания для высших учебных заведений
_yРоссийская Федерация
_92116617
_3RU\NLR\auth\661278615
686 _aХ623я73
700 1 _aСонина
_bЛ. В.
_gЛариса Владиславовна
_4070
801 0 _aRU
_bNLR
_c20071011
_gRCR
801 1 _aRU
_bNLR
_c20071011
830 _aАвт. по кн.
942 _cBOOK
980 _aNB
980 _aNBR